Poesía popular y tradicional americana
Đã lưu trong:
| Tác giả chính: | |
|---|---|
| Định dạng: | Sách |
| Ngôn ngữ: | Tiếng Tây Ban Nha |
| Được phát hành: |
Buenos Aires
Espasa Calpe
1952
|
| Loạt: | Colección Austral
|
| Những chủ đề: | |
| Các nhãn: |
Thêm thẻ
Không có thẻ, Là người đầu tiên thẻ bản ghi này!
|
MARC
| LEADER | 00000nam a2200000 a 4500 | ||
|---|---|---|---|
| 001 | UCT6707 | ||
| 003 | CL-VaPUC | ||
| 008 | 970113e19520000AG |||||||||||||||||spa|d | ||
| 082 | 0 | 4 | |a H861 |b JIJ |2 21 |
| 100 | 0 | |a Jijena Sánchez, Lidia Rosalía |e author |9 376946 | |
| 245 | 1 | 0 | |a Poesía popular y tradicional americana |
| 300 | |a 219 p | ||
| 942 | |c BK | ||
| 945 | |d 19970113 00:00:00 |a nastorga | ||
| 260 | |a Buenos Aires |b Espasa Calpe |c 1952 | ||
| 650 | 7 | |a POESIAS LATINOAMERICANAS |2 CL-VaPUC |9 320983 | |
| 650 | 7 | |a POESIAS POPULARES |2 CL-VaPUC |9 376947 | |
| 650 | 7 | |a TRADICIONES |2 CL-VaPUC |9 367367 | |
| 650 | 0 | |a Poesía argentina |9 265575 | |
| 650 | 7 | |a POESIAS BOLIVIANAS |2 CL-VaPUC |9 350013 | |
| 650 | 7 | |a POESIAS COLOMBIANAS |2 CL-VaPUC |9 376948 | |
| 650 | 7 | |a POESIAS MEXICANAS |2 CL-VaPUC |9 314784 | |
| 650 | 7 | |a POESIAS PARAGUAYAS |2 CL-VaPUC |9 376949 | |
| 650 | 0 | |a Poesías venezolanas |9 267766 | |
| 583 | |a last modification |c 19970113 00:00:00 |k Rodrigo Vera | ||
| 490 | 0 | |a Colección Austral | |
| 999 | |c 255385 |d 255383 | ||
| 952 | |0 0 |1 0 |4 0 |6 H_861_000000000000000_JIJ_1952 |7 0 |8 A |9 277604 |a BIBEDU |b BIBEDU |c ES_NOD |d 2019-11-19 |i 3270882 |o H861 JIJ 1952 |p 3270882 |r 2023-08-09 |w 2019-11-19 |y BK |k LIT | ||